Miracle in motion .The story of America's Industry. /
Đã lưu trong:
| 主要作者: | |
|---|---|
| 格式: | 圖書 |
| 語言: | Vietnamese |
| 出版: |
New York :
A Barkeley Medallion Book ,
1963
|
| 主題: | |
| 標簽: |
添加標簽
沒有標簽, 成為第一個標記此記錄!
|
| Thư viện lưu trữ: | Thư viện Trường CĐ Kỹ Thuật Cao Thắng |
|---|
| LEADER | 00597nam a2200181 a 4500 | ||
|---|---|---|---|
| 001 | TVCDKTCT3620 | ||
| 003 | Thư viện trường Cao đẳng Kỹ thuật Cao Thắng | ||
| 005 | 20051006000000 | ||
| 008 | 051006 | ||
| 980 | \ | \ | |a Thư viện Trường CĐ Kỹ Thuật Cao Thắng |
| 024 | |a RG_1 #1 eb0 i1 | ||
| 041 | 0 | # | |a vie |
| 082 | # | # | |a 820 / |b K100S-m |
| 100 | 1 | # | |a B.Shippen Katherine |
| 245 | 0 | 0 | |a Miracle in motion .The story of America's Industry. / |c B.Shippen Katherine |
| 260 | # | # | |a New York : |b A Barkeley Medallion Book , |c 1963 |
| 300 | # | # | |a 115tr. ; |c 17,5cm |
| 650 | # | 4 | |a Văn học--Mỹ |